000 00529nam a2200181Ia 4500
001 9443
005 20260306161719.0
008 260306t2011||||xx |||||||||||||| ||spa||
041 _aESP
082 _a379
_bI59A
100 _aInstituto Peruano de Evaluación, Acreditación y Certificación de la Calidad de la Educación Básica
_eAUT
245 0 _aBases para la acreditación de centros de educación básica alternativa
260 _c2011
300 _a
_c
650 _aGEN
654 _aCED
942 _cLIB
_dJUS
_fJUS
_2ddc
_n
999 _c9443
_d9443